Salta al contenuto

Психологическая помощь в специальном образовании Учебник

Представлена современная концепция системы психологической помощи лицам с ограниченными возможностями здоровья. Изложены теоретико-методологические основы психологического сопровождения образования детей с отклонениями в развитии и рекомендации к его осуществлению при разных типах нарушенного развит...

Descrizione completa

Salvato in:
Dettagli Bibliografici
Autore principale: Левченко И.Ю
Natura: Учебник
Edizione:1
Serie:Высшее образование: Бакалавриат
Accesso online:https://znanium.com/catalog/document?id=437416
https://znanium.com/cover/2116/2116852.jpg
Tags: Aggiungi Tag
Nessun Tag, puoi essere il primo ad aggiungerne! !
LEADER 03232nam0a2200349 i 4500
001 RU\infra-m\znanium\bibl\2116852
003 https://znanium.com/catalog/document?id=437416
005 20231108000000.0
010 |a 978-5-16-011199-5 
010 |a 978-5-16-103324-1  |b электр. издание 
100 |a 20231108d2023 m y0rusy0150 ca 
101 0 |a rus 
102 |a RU 
200 1 |a Психологическая помощь в специальном образовании  |e Учебник 
205 |a 1 
210 1 |a Москва  |c ООО "Научно-издательский центр ИНФРА-М"  |d 2024 
215 |a 314 с. 
225 1 |a Высшее образование: Бакалавриат 
330 |a Представлена современная концепция системы психологической помощи лицам с ограниченными возможностями здоровья. Изложены теоретико-методологические основы психологического сопровождения образования детей с отклонениями в развитии и рекомендации к его осуществлению при разных типах нарушенного развития. Раскрыты содержательно-организационные аспекты реализации основных направлений психологической помощи лицам с ограниченными возможностями здоровья. Для студентов учреждений высшего образования обучающихся по направлениям подготовки 44.03.02 «Психолого-педагогическое образование» 44.03.03 «Специальное (дефектологическое) образование» а также для преподавателей вузов учителей-дефектологов педагогов-психологов и других специалистов работающих в системе психолого-педагогического сопровождения лиц с ограниченными возможностями здоровья. 
333 |a ВО - Бакалавриат 
606 |a Педагогика. Образование  |x Специальная (коррекционная) педагогика  |2 local 
608 |a Учебник  |2 local 
675 |a 159.922.76  |z rus 
686 |a 88.8  |2 rubbk 
686 |a 44.03.02  |2 okso 
686 |a 44.03.03  |2 okso 
700 1 |a Левченко  |b И.Ю.  |g Ирина Юрьевна 
701 1 |a Волковская  |b Т.Н.  |g Татьяна Николаевна 
701 1 |a Ковалева  |b Г.А.  |g Галина Алексеевна 
801 0 |a RU  |b Общество с ограниченной ответственностью «ЗНАНИУМ»  |c 20231002  |2 rusmarc 
856 4 |a znanium.com  |m ebs_support@infra-m.ru  |n НИЦ ИНФРА-М  |u https://znanium.com/catalog/document?id=437416 
856 4 1 |a znanium.com  |d /cover/2116  |f 2116852.jpg  |q image/jpeg  |u https://znanium.com/cover/2116/2116852.jpg